Lead times (Record no. 83521)

MARC details
000 -LEADER
fixed length control field 00713cab a22001935a 4500
001 - CONTROL NUMBER
control field L154176
008 - FIXED-LENGTH DATA ELEMENTS--GENERAL INFORMATION
fixed length control field 111024e20111021xxkd f 000 0 eng d
035 ## - SYSTEM CONTROL NUMBER
System control number (Sirsi) u154176
041 0# - LANGUAGE CODE
Language code of text/sound track or separate title eng
100 1# - MAIN ENTRY--PERSONAL NAME
Personal name Moone, Brian
245 00 - TITLE STATEMENT
Title Lead times
Remainder of title July-September 2011
260 ## - PUBLICATION, DISTRIBUTION, ETC.
Date of publication, distribution, etc. 2011
490 #0 - SERIES STATEMENT
Series statement Building
Volume/sequential designation 276 (8700) 12 October 2011, 50-51(2)
520 ## - SUMMARY, ETC.
Summary, etc. Lead times remain overwhelmingly stable; growth in tower construction in London will affect capacity in steel fabrication, vertical transportation and cladding; summary, staying level and moving up, product lead time in weeks.
590 ## - LOCAL NOTE (RLIN)
Local note KA
651 #4 - SUBJECT ADDED ENTRY--GEOGRAPHIC NAME
Geographic name United Kingdom
Chronological subdivision
690 ## - LOCAL SUBJECT ADDED ENTRY--TOPICAL TERM (OCLC, RLIN)
Topical term or geographic name as entry element BUILT ENVIRONMENT-CONSTRUCTION MANAGEMENT
942 ## - ADDED ENTRY ELEMENTS (KOHA)
Suppress in OPAC 0
Holdings
Withdrawn status Lost status Source of classification or shelving scheme Damaged status Not for loan Home library Current library Shelving location Date acquired Total Checkouts Full call number Barcode Date last seen Copy number Price effective from Koha item type
    Dewey Decimal Classification     London London Journal article 24/10/2011   L154176 154176-1001 06/08/2019 1 06/08/2019 Journal article